LEADER 01641oam 2200433zu 450 001 996204386603316 005 20210807003507.0 035 $a(CKB)111026746744234 035 $a(SSID)ssj0000557922 035 $a(PQKBManifestationID)12228079 035 $a(PQKBTitleCode)TC0000557922 035 $a(PQKBWorkID)10557642 035 $a(PQKB)11072994 035 $a(EXLCZ)99111026746744234 100 $a20160829d1997 uy 101 0 $aeng 181 $ctxt 182 $cc 183 $acr 200 00$aAdvances in parallel and distributed computing : March 19-21, 1997, Shanghai, China : proceedings 210 31$a[Place of publication not identified]$cIEEE Computer Society Press$d1997 300 $aBibliographic Level Mode of Issuance: Monograph 311 $a0-8186-7876-3 606 $aParallel processing (Electronic computers)$xCongresses 606 $aElectronic data processing$xDistributed processing$xCongresses 606 $aEngineering & Applied Sciences$2HILCC 606 $aComputer Science$2HILCC 615 0$aParallel processing (Electronic computers)$xCongresses 615 0$aElectronic data processing$xDistributed processing$xCongresses 615 7$aEngineering & Applied Sciences 615 7$aComputer Science 676 $a004/.35 712 02$aIEEE Computer Society 712 12$aConference on Advances in Parallel and Distributed Computing$f(1997 :$eShanghai, China) 801 0$bPQKB 906 $aBOOK 912 $a996204386603316 996 $aAdvances in parallel and distributed computing : March 19-21, 1997, Shanghai, China : proceedings$92420916 997 $aUNISA LEADER 02563nam 2200673 a 450 001 9910965552203321 005 20251117084642.0 010 $a1-135-13808-7 010 $a1-283-58657-6 010 $a9786613899026 010 $a0-08-092873-0 010 $a1-135-13809-5 035 $a(CKB)2670000000237981 035 $a(EBL)1016145 035 $a(OCoLC)811503041 035 $a(SSID)ssj0000738086 035 $a(PQKBManifestationID)12311163 035 $a(PQKBTitleCode)TC0000738086 035 $a(PQKBWorkID)10787780 035 $a(PQKB)10612307 035 $a(OCoLC)811406337 035 $a(MiAaPQ)EBC1016145 035 $a(Au-PeEL)EBL1016145 035 $a(CaPaEBR)ebr10596361 035 $a(CaONFJC)MIL389902 035 $a(OCoLC)1199300834 035 $a(FINmELB)ELB132541 035 $a(EXLCZ)992670000000237981 100 $a20120917e20111997 uy 0 101 0 $aeng 135 $aur|n|---||||| 181 $ctxt$2rdacontent 182 $cc$2rdamedia 183 $acr$2rdacarrier 200 00$aLamps and lighting /$fedited by J.R. Coaton and A.M. Marsden 205 $aFourth edition. 210 1$aAbingdon [England] :$cRoutledge,$d2011. 215 $a1 online resource (552 pages) 300 $aFirst published by Butterworth-Heinemann, 1997. 311 08$a0-340-64618-7 311 08$a0-415-50308-6 320 $aIncludes bibliographical references and index. 327 $apt. 1. Light, sight and colour -- pt. 2. Lamps and circuits -- pt. 3. Luminaires and lighting. 330 $aThis book is a comprehensive guide to the theory and practice of lighting. Covering the physics of light production, light sources, circuits and a wide variety of lighting applications, it is both suitable as a detailed textbook and as thoroughly practical guide for practising lighting engineers. This fourth edition of Lamps and Lighting has been completely updated with new chapters on the latest lamp technology and applications. The editors ahve called upon a wide range of expertise and as a result many sections have been broadened to include both European and 606 $aElectric lighting 606 $aElectric lamps 615 0$aElectric lighting. 615 0$aElectric lamps. 676 $a621.32/2 676 $a621.322 701 $aCoaton$b J. R$01874097 701 $aMarsden$b A. M$g(Alfred Michael)$03505 801 0$bMiAaPQ 801 1$bMiAaPQ 801 2$bMiAaPQ 906 $aBOOK 912 $a9910965552203321 996 $aLamps and lighting$94484449 997 $aUNINA